Дело о производстве по Зимнему дворцу с прикосновенными зданиями ремонтных работ по сметам и по особым разрешениям на счет сумм,...

Доступно только в Электронных читальных залах Найти на картеНа карте
RUSMARC
00003777nmc2a22002413x 450
00176655733-5062-450a-a0d6-2f02007467a3
00520220902165654.0
100##$a20220413l18481849k l0rusy0189 ca
1010#$arus
102##$aRU
105##$ay###
1222#$ad
2001#$aДело о производстве по Зимнему дворцу с прикосновенными зданиями ремонтных работ по сметам и по особым разрешениям на счет сумм, отпускаемых по первому разряду положения
$j23 декабря 1848 г. - 31 мая 1849 г.
$hЧасть 1
215##$a324 л.
$d36,5х26 см
251##$cДело
300##$aДело
371##$aДокумент не является опубликованным и широко распространяемым
461#0$1001625a9a7e-a890-4307-a7fe-826a2289a412
$12001
$aГоф-интенданская контора Министерства императорского двора
$1251
$cФонд
$1852
$j470
462#0$10013b995d6e-58fd-412c-9c29-c11444cea082
$12001
$aПо Зимнему дворцу
$1251
$cОпись
$1852
$j1
$l82-516
801#0$aRU
$bРГИА
$c20220413
$gRCR
801#1$aRU
$bГлавНИВЦ
$c20220413
$2rusmarc
801#2$aRU
$bПБ им. Б.Н. Ельцина
$c20220902
$gRCR
$2rusmarc
850##$aРГИА
852##$aРГИА
$eФедеральное казенное учреждение "Российский государственный исторический архив" (РГИА)
$j400
937##$hРГИА
$d12382678
$aASBIBLIO_SCAN
035##$aRusGRCC00042862
856##$uhttp://readingroom.main.prlib.ru/item.aspx?id_node=n178622985&mode=full
Формат отображения